| 000 | 00538nam a2200205 a 4500 | ||
|---|---|---|---|
| 001 | 0000-8963 | ||
| 003 | ELIB.Books | ||
| 008 | 110520 1982 | ||
| 035 | _a(ELIB.Books)0000-9112 | ||
| 082 |
_a259 _bSou/259.07 |
||
| 100 | _aSouthard, Samuel | ||
| 245 | _aTraining Church Members For Pastoral Care | ||
| 260 |
_bValley Forge: The Jadson Press _c1982 |
||
| 500 | _aDr. Yahalaylayla | ||
| 650 | _aPastoral Theology | ||
| 942 |
_2ddc _cBK |
||
| 990 | _a2 | ||
| 998 |
_cbat _e2011-05-20 |
||
| 999 |
_c8963 _d8963 |
||